00401cam a2200133 i 450008200130000010000250001324500460003825000120008426000540009630000210015050000510017150000260022265000190024800a664/.JAP1 aJapan, Kōseishō.14aThe Japanese standards of food additives. a4th ed. a[Tokyo] :bJapan Food additives associationc1988 a678 p. :bill. ; aTranslation of Shokuhin tenkabutsu kōteisho. aErrata slip inserted. 0aFood additives